Catálogo

La Ilíada / (Registro nro. 61506)

Detalles MARC
000 -LEADER
fixed length control field 00629nam a2200217 u 4500
001 - CONTROL NUMBER
control field 61506
005 - DATE AND TIME OF LATEST TRANSACTION
control field 20180714063149.0
008 - FIXED-LENGTH DATA ELEMENTS--GENERAL INFORMATION
fixed length control field 141006s2009 mx r 000 0 spa d
020 ## - INTERNATIONAL STANDARD BOOK NUMBER
International Standard Book Number 978-968-15-2253-7
082 0# - DEWEY DECIMAL CLASSIFICATION NUMBER
Classification number 883
Item number HOM
100 1# - MAIN ENTRY--PERSONAL NAME
Personal name Homero,
Relator term autor
245 13 - TITLE STATEMENT
Title La Ilíada /
Statement of responsibility, etc. Homero.
250 ## - EDITION STATEMENT
Edition statement 1a. edición
264 #1 - PRODUCTION, PUBLICATION, DISTRIBUTION, MANUFACTURE, AND COPYRIGHT NOTICE
Place of production, publication, distribution, manufacture México :
Name of producer, publisher, distributor, manufacturer Editores Mexicanos Unidos,
Date of production, publication, distribution, manufacture, or copyright notice 2007
300 ## - PHYSICAL DESCRIPTION
Extent 222 páginas ;
Dimensions 21 cm.
336 ## - CONTENT TYPE
Content type term texto
Source rdacontent
337 ## - MEDIA TYPE
Media type term sin mediación
Source rdamedia
338 ## - CARRIER TYPE
Carrier type term volumen
Source rdacarrier
490 0# - SERIES STATEMENT
Series statement Colección grandes de la literatura
650 #0 - SUBJECT ADDED ENTRY--TOPICAL TERM
Topical term or geographic name entry element Literatura griega
Existencias
Withdrawn status Lost status Source of classification or shelving scheme Damaged status Not for loan Collection code Home library Current library Shelving location Date acquired Source of acquisition Inventory number Total Checkouts Full call number Barcode Date last seen Date last checked out Price effective from Koha item type
    Dewey Decimal Classification     General Biblioteca Karol Wojtyla Biblioteca Karol Wojtyla Sala general 06/10/2014 Compra 151000000000000000033828 6 883 HOM 2007 92423 05/01/2026 21/08/2025 06/10/2014 Libro